00310pab a2200121 454500008004000000100002200040245005400062260000900116300001500125362000800140650001400148773002600162180718b2011 xxu||||| |||| 00| 0 eng d aIqbal, Badar Alam aWorld food inflation: Persisting trends and issue c2011 ap.937-940. aOct aInflation aManagement Accountant